| 000 | 00765nam a2200229 a 4500 | ||
|---|---|---|---|
| 001 | 000034820 | ||
| 005 | 20200930073926.0 | ||
| 008 | 111020s1985 sp 000 0 spa d | ||
| 040 |
_aDO-SdBNP _bspa _cBNPHU |
||
| 082 |
_axxxx _bV531v |
||
| 100 | 1 |
_aVerne, Jules _960339 |
|
| 240 | 1 | 0 |
_aVing mille lieues sous les mers _lEspañol |
| 245 | 1 | 0 |
_aVeinte mil leguas de viaje submarino / _cJules Verne ; traductor e introducción José Félix. |
| 246 | 1 | 4 | _a20,000 lenguas de viaje submarino |
| 260 |
_aValencia : _bAlfredo Ortells, _c1985. |
||
| 300 |
_a227 p. ; _c24 cm. |
||
| 490 | 1 | _aClasicos de la juventud | |
| 500 | _aTraducido del francés. | ||
| 700 | 1 | 2 |
_aFélix, José, _etrad., introd. _960340 |
| 830 | 0 |
_aClasicos de la juventud _948997 |
|
| 049 | _aBNPD | ||
| 999 |
_c34311 _d34311 |
||